Historia del noroeste argentino (Registro nro. 4386)

Detalles MARC
000 -LEADER
fixed length control field 01595 a2200217 4500
001 - CONTROL NUMBER
control field 47489
005 - DATE AND TIME OF LATEST TRANSACTION
control field 20260407155742.0
008 - FIXED-LENGTH DATA ELEMENTS--GENERAL INFORMATION
fixed length control field 260407a1995 arg spa d
003 - CONTROL NUMBER IDENTIFIER
control field AR-UNSa-BCEJYS
040 ## - CATALOGING SOURCE
Original cataloging agency AR-UNSa-BCEJYS
Language of cataloging spa
Transcribing agency AR-UNSa-BCEJYS
080 ## - UNIVERSAL DECIMAL CLASSIFICATION NUMBER
Universal Decimal Classification number 94(82)
Common auxiliary subdivision Historia de Argentina
020 ## - INTERNATIONAL STANDARD BOOK NUMBER
International Standard Book Number 950-21-0851-5
100 1# - MAIN ENTRY--PERSONAL NAME
Personal name Bazán, Armando Raúl
245 10 - TITLE STATEMENT
Title Historia del noroeste argentino
264 #1 - PRODUCTION, PUBLICATION, DISTRIBUTION, MANUFACTURE, AND COPYRIGHT NOTICE
Place of production, publication, distribution, manufacture Buenos Aires :
Name of producer, publisher, distributor, manufacturer Plus Ultra
Date of production, publication, distribution, manufacture, or copyright notice 1995
300 ## - PHYSICAL DESCRIPTION
Extent 434 p.
Dimensions 23 cm.
505 ## - FORMATTED CONTENTS NOTE
Formatted contents note 1. La región y provincia de Tucumán - 2. Las guerras calchaquíes - 3. La provincia de Tucumán en vísperas de la revolución - 4. Las provincias del norte y la Revolución de Mayo - 5. El ejército auxiliar del Perú y los pueblos del norte - 6. Cambios producidos por la guerra en las ciudades del norte. Política, sociedad y economía - 7. Las provincias del norte en el congreso de Tucumán - 8. El pueblo en armas: republiquetas y guerra gaucha - 9. Reacciones autonómicas y federativas - 10. La disolución del Estado Nacional - 11. El proyecto unitario - 12. Guerra de federales y unitarios en el norte. El ascenso político de Quiroga - 13. La segregación del Alto Perú - 14. De la Ciudadela a Barranca Yaco - 15. El Protectorado del norte argentino - 16. La liga del norte - 17. El sistema de la confederación rosista, lealtades y resistencias - 18. La organización constitucional y las provincias del norte.
590 ## - LOCAL NOTE (RLIN)
Local note niveau_biblio:m niveau_hierar:0
856 41 - ELECTRONIC LOCATION AND ACCESS
Uniform Resource Identifier <a href="https://www.biblioeco.unsa.edu.ar/pmb/images/libros/L127530.jpg">https://www.biblioeco.unsa.edu.ar/pmb/images/libros/L127530.jpg</a>
Link text Imagen de portada
Electronic format type image/jpeg
942 ## - ADDED ENTRY ELEMENTS (KOHA)
Koha item type
Existencias
Withdrawn status Lost status Damaged status Not for loan Home library Current library Shelving location Date acquired Total checkouts Full call number Barcode Date last seen Price effective from Koha item type
        Biblioteca Prof. Eusebio Cleto del Rey Biblioteca Prof. Eusebio Cleto del Rey   07/04/2026   94(82) B362h L127530 07/04/2026 07/04/2026 Libro
        Biblioteca Prof. Eusebio Cleto del Rey Biblioteca Prof. Eusebio Cleto del Rey   07/04/2026   94(82) B362h L69707 07/04/2026 07/04/2026 Libro
        Biblioteca Prof. Eusebio Cleto del Rey Biblioteca Prof. Eusebio Cleto del Rey   07/04/2026   94(82) B362h L69708 07/04/2026 07/04/2026 Libro